Environment Science/ (Record no. 201821)
[ view plain ]
| 000 -LEADER | |
|---|---|
| fixed length control field | 00687nam a22002297a 4500 |
| 005 - DATE AND TIME OF LATEST TRANSACTION | |
| control field | 20240327165532.0 |
| 010 ## - LCCN (DPL NO) | |
| LC control number | ENG-139885 |
| 020 ## - INTERNATIONAL STANDARD BOOK NUMBER | |
| International Standard Book Number | 9355318324 |
| Terms of availability | 320.00 |
| 020 ## - INTERNATIONAL STANDARD BOOK NUMBER | |
| International Standard Book Number | 9789355318329 |
| 035 ## - SYSTEM CONTROL NUMBER | |
| System control number | EN-123417 |
| 082 ## - DEWEY DECIMAL CLASSIFICATION NUMBER | |
| Classification number | 363.7 |
| 100 ## - MAIN ENTRY--PERSONAL NAME | |
| Personal name | Singhal, Shailey |
| 245 ## - TITLE STATEMENT | |
| Title | Environment Science/ |
| Statement of responsibility, etc | By Shailey Singhal,...[et.al] |
| 250 ## - EDITION STATEMENT | |
| Edition statement | 1 |
| 260 ## - PUBLICATION, DISTRIBUTION, ETC. (IMPRINT) | |
| Place of publication, distribution, etc | Pragati Bhawan |
| Name of publisher, distributor, etc | Pragati Prakashan |
| Date of publication, distribution, etc | 2023 |
| 270 ## - ADDRESS | |
| Address | 240, W.K. Road, Meerut-250001 |
| 300 ## - PHYSICAL DESCRIPTION | |
| Extent | 280p. |
| Dimensions | 24cm,(Pb) |
| 700 ## - ADDED ENTRY--PERSONAL NAME | |
| Personal name | Agarwal, Shilpi |
| Relator term | Author |
| 9 (RLIN) | 64027 |
| 700 ## - ADDED ENTRY--PERSONAL NAME | |
| Personal name | Jabrinder, Singh |
| Relator term | Author |
| 9 (RLIN) | 64028 |
| 700 ## - ADDED ENTRY--PERSONAL NAME | |
| Personal name | Singhal, Naveen |
| Relator term | Author |
| 9 (RLIN) | 64029 |
| 942 ## - ADDED ENTRY ELEMENTS (KOHA) | |
| Source of classification or shelving scheme | Dewey Decimal Classification |
| Item type | English Books |
| Classification part | 363.7 |
| Call number prefix | SIN |
| Withdrawn status | Lost status | Not for loan | Collection code | Home library | Current library | Date acquired | Source of acquisition | Cost, normal purchase price | Full call number | Barcode | Copy number | Cost, replacement price | Koha item type |
|---|---|---|---|---|---|---|---|---|---|---|---|---|---|
| Non-fiction | Bawana | Bawana | 27/03/2024 | DBAD | 320.00 | 363.7 SIN | EN-123417 | 1 | 320.00 | English Books |
